Detalles MARC
| 000 -LEADER |
| fixed length control field |
01730nam a2200241Ia 4500 |
| 003 - CONTROL NUMBER IDENTIFIER |
| control field |
OSt |
| 005 - DATE AND TIME OF LATEST TRANSACTION |
| control field |
20210805103626.0 |
| 008 - FIXED-LENGTH DATA ELEMENTS--GENERAL INFORMATION |
| fixed length control field |
210310s1996 pe fr 000 0 spa d |
| 040 ## - CATALOGING SOURCE |
| Original cataloging agency |
CO-JMCR |
| Transcribing agency |
CO-JMCR |
| 041 0# - LANGUAGE CODE |
| Language code of text/sound track or separate title |
spa |
| 082 04 - DEWEY DECIMAL CLASSIFICATION NUMBER |
| Classification number |
332.098 / |
| Item number |
E562r |
| Edition number |
23 |
| 111 2# - MAIN ENTRY--MEETING NAME |
| Meeting name or jurisdiction name as entry element |
Encuentro sobre Reformas Financieras y Cooperación Regional |
| Date of meeting or treaty signing |
(1996 : |
| Location of meeting |
Arequipa, Perú) |
| 9 (RLIN) |
39082 |
| 245 10 - TITLE STATEMENT |
| Title |
Reformas financieras y la cooperación regional / |
| Statement of responsibility, etc. |
Encuentro sobre Reformas Financieras y Cooperación Regional |
| 260 ## - PUBLICATION, DISTRIBUTION, ETC. |
| Place of publication, distribution, etc. |
Arequipa : |
| Name of publisher, distributor, etc. |
Asociación Latinoamericana de Instituciones Financieras de Desarrollo : |
| -- |
Banco Interamericano de Desarrollo : |
| -- |
Corporación Financiera de Desarrollo, |
| Date of publication, distribution, etc. |
1996 |
| 300 ## - PHYSICAL DESCRIPTION |
| Extent |
376 páginas ; |
| Dimensions |
23 cm. |
| 500 ## - GENERAL NOTE |
| General note |
Incluye notas a pie de página. |
| 505 0# - FORMATTED CONTENTS NOTE |
| Title |
Las políticas y procesos de liberalización y reformas financieras / |
| Statement of responsibility |
Carlos A. Corti, Christian Larraín, Javier de la Rocha, Boris Segura Valverde |
| Title |
La complementación y cooperación financiera latinoamericana / |
| Statement of responsibility |
Aurelio Reynaldo Susano Lucero, Gabriel Borrero Restrepo, Pablo García-Pintos, Nelson Quintero |
| Title |
Gestión financiera para la solvencia y eficiencia de la Banca de Desarrollo / |
| Statement of responsibility |
Felipe Tami, Marcos Raymundo Pessoa Duarte, Martín Naranjo, Antonio Vives, Antonio Pérez Bennett, José Fernando Neda Brito |
| Title |
La supervisión bancaria en el marco de la integración regional y de la globalización / |
| Statement of responsibility |
Juan Klingenberger, Alfonso Bustamante y Bustamante, Tomás Morán Ortega, María Isabel Machicado, Francisco V. Debera |
| 650 14 - SUBJECT ADDED ENTRY--TOPICAL TERM |
| Topical term or geographic name entry element |
Reforma financiera |
| 9 (RLIN) |
16695 |
| 650 24 - SUBJECT ADDED ENTRY--TOPICAL TERM |
| Topical term or geographic name entry element |
Cooperación regional |
| 9 (RLIN) |
3985 |
| 650 24 - SUBJECT ADDED ENTRY--TOPICAL TERM |
| Topical term or geographic name entry element |
Cooperación económica |
| 9 (RLIN) |
3402 |
| 650 24 - SUBJECT ADDED ENTRY--TOPICAL TERM |
| Topical term or geographic name entry element |
Cooperación económica |
| Geographic subdivision |
América Latina. |
| 9 (RLIN) |
39083 |
| 942 ## - ADDED ENTRY ELEMENTS (KOHA) |
| Source of classification or shelving scheme |
Dewey Decimal Classification |
| Koha item type |
Books |